Jak dobrze znasz piosenkę "Chciałem być" Krzysztofa Krawczyka? - Statystyki

Ogólne statystyki
  • Ten quiz został rozwiązany 116 razy
  • Średni wynik to 11 z 15
Statystyki odpowiedzi
Tekst Brakujące słowo % Poprawnych
Chciałem być ... marynarzem
99%
Podróżować, ... świat zwiedzać
97%
Chciałem mieć ... tatuaże
95%
Pięknie żyć ... życie brać garściami
90%
Podróżować zwiedzać ... świat
90%
Przemierzyłem cały świat od Las Vegas po ... Krym
87%
Zgrałem tysiąc ... kart które lubią dym talii
86%
I wiele pięknych ... kobiet znać pięknych
82%
... okrutnie ze mnie drwił Los
80%
Skasowałem kilka ... nie żałuję dziś bryk
76%
Dałem tylko ... siebie
75%
Chciałem dać coś ... dobrego
52%
Chciałem mieć więcej ... wiary
50%
Gorzkich ... nie oszczędził mi nauk
41%
Chciałem ... coś nowego wnieść
26%
Nie znaleziono quizów pasujących do podanych kryteriów
Rozkład punktacji
Procent ludzi z każdym wynikiem
Percentyl według liczby udzielonych odpowiedzi
Twoja historia wyników
Nie rozwiązałeś tego quizu